000 00530nam a2200181Ia 4500
008 100920s9999 xx 000 0 und d
082 _b47579
_a24 थ 84
100 _aराजाध्यक्ष विजया.
245 _aअधांतर.
260 _bसन पब्लिकेशन्स, पुणे 30.
_c1984
300 _a205
_bसाधी
365 _b40
520 _aसायो.
630 _aअधांतर.
650 _aसायो.
730 _aअधांतर.
942 _cBOOK
999 _c694860
_d694857